000 00534nam a22001817a 4500
003 CEME
005 20210628202831.0
008 210120b xxu||||| |||| 00| 0 eng d
020 _a0-07-253789-2
040 _cceme
082 _a658.049 HIL
100 _aHill, Charles W.L
_961849
245 _aGlobal business today
260 _aNEW YORK
_bMCGRAW HILL
_c2004
300 _aXIX,582 P
650 _aINTERNATIONAL BUSINESS ENTERPRISES MANAGEMENT, INTERNATIONAL TRAD, INVESTMENT, FOREIGN, CAPITAL MARKET
_961850
942 _cBK
_2ddc
999 _c571159
_d571159